Iceland in the Eurovision Song Contest - Statistics

General Stats
  • This quiz has been taken 11 times
    7 since last reset
  • The average score is 15 of 37
Answer Stats
Answer % Correct
10 Years
100%
Róa
100%
Power
86%
Scared of Heights
86%
Hatrið mun sigra
71%
Is It True?
71%
Paper
71%
Hear Them Calling
57%
Je ne sais quoi
57%
Never Forget
57%
Our Choice
57%
Unbroken
57%
Með hækkandi sól
43%
No Prejudice
43%
All Out of Luck
29%
Angel
29%
Coming Home
29%
Congratulations
29%
Ég á líf
29%
Eitt lag enn
29%
Heaven
29%
If I Had Your Love
29%
Minn hinsti dans
29%
Open Your Heart
29%
Tell Me!
29%
This Is My Life
29%
Valentine Lost
29%
Gleðibankinn
14%
Hægt og hljótt
14%
Nætur
14%
Nei eða já
14%
Nína
14%
Núna
14%
Sjúbídú
14%
Sókrates
14%
Það sem enginn sér
14%
Þá veistu svarið
14%
No matching quizzes found
Score Distribution
Percent of People with Each Score
Percentile by Number Answered
Your Score History
You have not taken this quiz since the last reset